| 000 | 00392nam a2200169Ia 4500 | ||
|---|---|---|---|
| 100 | _aWallis/W.D | ||
| 650 | _aFinite mathematics | ||
| 942 | _cBK | ||
| 366 | _f20 | ||
| 654 | _afinite mathematics | ||
| 245 | _aBeginners guide to finite Mathematics | ||
| 260 |
_bSpringer International _aNew Delhi _c2003 |
||
| 082 |
_a510/WAL _bWAL |
||
| 300 | _a354 | ||
| 546 | _aENGLISH | ||
| 999 |
_c34441 _d34441 |
||